00323 a2200097 4500082001600000100001900016245009600035260005200131300002600183650001600209 a363.125 GHE aGhee, Caroline aSocio economic aspects of road accidents in developing countries /cCaroline Ghee...[et al] aEngland :bTransport Research Laboratory,c1997 a29p. ;bill. ;c30 cm aRoad Safety